Yhdistä fobia - Statistics

Yleistilastot
  • Tätä visaa on pelattu 36 kertaa
  • Keskiarvotulos 14 / 91
Vastaustilastot
Hint Vastaus % Oikein
Aerofobia/aviafobia Lentopelko
83%
Dentofobia Hammaslääkäripelko
74%
Bakteriofobia Pelko bakteereita ja saastumista kohtaan
70%
Bibliofobia Kirjojen pelko
65%
Araknofobia Hämähäkkipelko
57%
Klaustrofobia Pelko suljetuista tai ahtaista tiloista, kuten hissistä, lentokoneesta tai tunnelista
52%
Pyrofobia Pelko tulta kohtaan
52%
Aquafobia Veden pelko
52%
Emetofobia Oksentamisen tai oksentelun pelko
48%
Fobofobia Pelko fobiasta tai fobian kehittymisestä
48%
Hemofobia Veren tai verenvuodon pelko
48%
Karsinofobia Pelko syöpään sairastumisesta tai sen kehittymisestä
43%
Akustikofobia Melut ja kovat äänet
39%
Farmakofobia Pelko lääkitystä kohtaan
39%
Gerontofobia Vanhenemisen pelko
39%
Nekrofobia Kuoleman tai kuolleiden asioiden sairaalloinen pelko
35%
Ornitofobia Pelko lintuja kohtaan
35%
Agorafobia Julkisten paikkojen pelko
30%
Hypnofobia/somnifobia Nukkumisen pelko, unet ja painajaiset
30%
Obesofobia Pelko painonnoususta
30%
Ekofobia Katastrofaalinen ympäristön muutos
26%
Akrofobia Korkeiden paikkojen pelko
26%
Gynofobia Pelko naisia kohtaan
26%
Monofobia Pelko yksin olemisesta tai yksinäisyydestä
26%
Trypofobia Reikäpelko
26%
Autofobia Itseinho tai itseviha
22%
Halitofobia Pelkoa tai jännittynyttä huolta siitä, että henkilöllä on pahanhajuinen hengitys
22%
Masklofobia Pelko ihmisistä naamioissa, puvuissa tai maskoteissa
22%
Hydrofobia Pelko veden juomista ja vettä kohtaan
22%
Neofobia Uusien asioiden tai kokemusten kammo
17%
Androfobia Miehiin kohdistuva pelko
13%
Koprofobia Ulosteen sairaalloinen kammo, ulostekammo, ulostepelko
13%
Agirizoofobia Villieläinten pelko
13%
Alektorofobia Erityinen pelko kanaa vastaan
9%
Ekvinofobia Hevosten pelko
9%
Globofobia Ilmapallojen pelko
9%
Ailurofobia Kissojen pelkääminen
9%
Triskaidekafobia Luvun 13 taikauskoinen pelko
9%
Anatidaefobia Pelkoa, että ankat tuijottavat
9%
Kemofobia Pelko kemikaaleja kohtaan
9%
Heliofobia Pelko kirkasta valoa tai aurinkoa kohtaan
9%
Filofobia Rakastumisen pelko
9%
Astrafobia Ukkosen ja salamoinnin pelko
9%
Koimetrofobia Hautausmaiden pelko
4%
Entomofobia Hyönteispelko
4%
Antropofobia Ihmisten ja sosiaalisten tilanteiden pelko
4%
Glossofobia Julkisen puhumisen pelko
4%
Tomofobia Leikkauksen tai muun lääketieteellisen toimenpiteen pelko
4%
Fagofobia Nielemispelko
4%
Gamofobia Pelkoa avioliitosta
4%
Efebifobia Pelkoa nuoria ihmisiä kohtaan
4%
Kromofobia Pelkoa värejä kohtaan
4%
Atelofobia Pelko epätäydellisestä, virheistä tekemisestä tai jonkin asian tekemisestä väärin
4%
Ofidiofobia Pelko käärmeitä kohtaan
4%
Kynofobia Pelko koiria kohtaan
4%
Frigofobia Pelko kylmyydestä tai kylmyydestä johtuvista asioista
4%
Pediofobia Pelko nukeista tai ihmisen näköisitä elottomista esineistä
4%
Genufobia Pelko polvista tai polvien vammoista
4%
Aichmofobia Terävien esineiden sairaalloinen pelko
4%
Ergofobia Työn pelko
4%
Eisoptrofobia Ylivoimaista pelkoa peileistä tai itsensä peilistä näkemisestä
4%
Antofobia Kukkien pelko
0%
Koumpounofobia Nappien pelkoa
0%
Belonefobia Neulakammo
0%
Agyrofobia Pelkoa kaduilla tai teillä kulkemisesta
0%
Gefyrofobia Pelkoa siltojen ylitämisestä tai niiden lähellä olemisesta
0%
Gymnofobia Pelkoa tai ahdistusta siitä, että hänet nähdään tai nähdään toisia alastomana
0%
Atychifobia pelko epäonnistua
0%
Automatonofobia Pelko ihmisen näköisiä esineitä kohtaan
0%
Gelotofobia Pelko joutua naurunalaiseksi
0%
Ksantofobia Pelko keltaisesta väristä
0%
Koulrofobia Pelko klovneja tai pellejä kohtaan
0%
Hafefobia Pelko koskemisesta tai siitä, että häntä kosketetaan
0%
Latrofobia Pelko lääkäreistä, lääketieteellisistä tutkimuksista tai lääketieteellisestä hoidosta
0%
Helmintofobia Pelko loisia kohtaan kuten madot
0%
Hodofobia Pelko matkustamisesta
0%
Nomofobia Pelko olemisesta ilman matkapuhelinta
0%
Lilapsofobia Pelko tornadoista tai hurrikaaneista
0%
Ankraofobia Pelko tuulesta tai luonnosta
0%
Ablutofobia Peseytymisen pelko
0%
Nyktofobia Pimeän tai pimeiden paikkojen pelko
0%
Akluofobia Pimeiden paikkojen sairaalloinen pelko
0%
Algofobia Sairaalloinen kivun kokemisen tai toisen kivun näkemisen pelko
0%
Katoptrofobia Sairaalloinen pelko peilejä kohtaan
0%
Nosofobia Sairauden pelko
0%
Batrakofobia Sammakoiden ja muiden sammakkoeläinten pelko
0%
Genofobia Seksuaalisuutta tai seksuaalista lähentymistä koskeva pelko
0%
Tokofobia Synnyttämisen pelko
0%
Domatofobia Taloihin tai kodin rakennuksiin liittyvä pelko
0%
Korofobia Tanssimisen pelkoa tai sairaalloisen pelkoa tanssimista kohtaan
0%
Enoklofobia Väkijoukkojen pelko
0%
Ehtoja vastaavia visoja ei löytynyt
Tulosjakauma
Jokaisen tuloksen saaneiden osuus
Persentiili vastausten määrän mukaan
Tuloshistoriasi
Et ole pelannut tätä visaa